| 000 | 01149cam a2200145 4500500 | ||
|---|---|---|---|
| 005 | 20260329043203.0 | ||
| 041 | _afre | ||
| 042 | _adc | ||
| 100 | 1 | 0 |
_aMazouer, Charles _eauthor |
| 700 | 1 | 0 |
_aQuéro, Dominique _eauthor |
| 245 | 0 | 0 | _aJean-François Regnard : (1655-1709) |
| 260 |
_bArmand Colin,
_c2012. |
||
| 520 | _aCinquante ans après le maître livre d’Alexandre Calame sur Jean-François Regnard, un colloque s’imposait pour dresser déjà une sorte d’état présent des études consacrées à un auteur qui, s’il est toujours joué dans les théâtres, reste passablement méconnu et trop sous-estimé. Ce colloque a fait davantage, en permettant de renouveler notre lecture d’un écrivain si varié. Plus de vingt communications, ici publiées, dont les auteurs sont souvent de jeunes chercheurs, ont précisément mis au jour la diversité de l’œuvre de Regnard, en proposant plus que des aperçus sur l’esthétique et l’esprit de cette œuvre, dont la réception est également abordée. | ||
| 856 | 4 | 1 | _uhttps://shs.cairn.info/jean-francois-regnard-1655-1709--9782200276072?lang=fr&redirect-ssocas=7080 |
| 999 |
_c1983660 _d1983660 |
||